| 000 -LEADER |
| fixed length control field |
00730pam a2200241 a 4500 |
| 020 ## - INTERNATIONAL STANDARD BOOK NUMBER |
| ISBN |
0471122793 (alk. paper) |
| 040 ## - CATALOGING SOURCE |
| Transcribing agency |
DLC |
| 082 00 - DEWEY DECIMAL CLASSIFICATION NUMBER |
| Classification number |
616 WIL 1996 A048 Or. |
| 100 1# - MAIN ENTRY--AUTHOR NAME |
| Personal name |
Nolan, Thomas E. |
| 245 10 - TITLE STATEMENT |
| Title |
Primary care for the obstetrician and gynecologist / |
| 260 ## - PUBLICATION, DISTRIBUTION, ETC. (IMPRINT) |
| Place of publication |
New York : |
| Name of publisher |
Wiley-Liss, |
| Year of publication |
c1996. |
| 300 ## - PHYSICAL DESCRIPTION |
| Number of Pages |
xi, 349 p. : |
| Other physical details |
ill. ; |
| Dimensions |
18 cm. |
| 500 ## - GENERAL NOTE |
| General note |
Includes index. |
| 650 #0 - SUBJECT ADDED ENTRY--TOPICAL TERM |
| Topical Term |
Primary care (Medicine) |
| 650 #0 - SUBJECT ADDED ENTRY--TOPICAL TERM |
| Topical Term |
Women |
| 650 #0 - SUBJECT ADDED ENTRY--TOPICAL TERM |
| Topical Term |
Obstetrics. |
| 650 #0 - SUBJECT ADDED ENTRY--TOPICAL TERM |
| Topical Term |
Gynecology. |
| 650 12 - SUBJECT ADDED ENTRY--TOPICAL TERM |
| Topical Term |
Primary Health Care. |
| 650 12 - SUBJECT ADDED ENTRY--TOPICAL TERM |
| Topical Term |
Women's Health. |
| 856 42 - ELECTRONIC LOCATION AND ACCESS |
| Uniform Resource Identifier |
http://www.loc.gov/catdir/description/wiley034/95046498.html |
| 856 4# - ELECTRONIC LOCATION AND ACCESS |
| Uniform Resource Identifier |
http://www.loc.gov/catdir/toc/onix05/95046498.html |
| 942 ## - ADDED ENTRY ELEMENTS (KOHA) |
| Koha item type |
សៀវភៅភាសាអង់គ្លេស |
| 952 ## - LOCATION AND ITEM INFORMATION (KOHA) |
| Withdrawn status [LOCAL, KOHA] |
0 |